Catálogo
 En Linea

Lengua española : nivel básico. (Registro nro. 45957)

Detalles MARC
000 -CABECERA
campo de control de longitud fija 00287nam a2200109 a 4500
005 - FECHA Y HORA DE LA ÚLTIMA TRANSACCIÓN
campo de control 20201002052907.0
008 - DATOS DE LONGITUD FIJA--INFORMACIÓN GENERAL
campo de control de longitud fija 150818s2001 000 spa d
020 ## - NÚMERO INTERNACIONAL ESTÁNDAR DEL LIBRO
Número Internacional Estándar del Libro 842162122X
040 ## - FUENTE DE LA CATALOGACIÓN
Centro catalogador/agencia de origen DO-SdBNP
245 #0 - MENCIÓN DE TÍTULO
Título Lengua española : nivel básico.
260 ## - PUBLICACIÓN, DISTRIBUCIÓN, ETC.
Lugar de publicación, distribución, etc. Santo Domingo : Susaeta,
Fecha de publicación, distribución, etc. 2001.

No hay ítems disponibles.

Con tecnología Koha